Statistics for Every constructor who won a Grand Prix in Formula 1

Click here to take the quiz!

General Stats

  • This quiz has been taken 85 times
  • The average score is 22 of 34

Answer Stats

WinsConstructor% Correct
242Ferrari
100%
183McLaren
99%
124Mercedes
99%
114Williams
99%
77Red Bull
97%
35Renault
87%
79Lotus
84%
2Lotus
84%
10Alfa Romeo
83%
1Alpha Tauri
81%
27Benetton
81%
1Toro Rosso
80%
1Alpine
77%
17BRM
71%
23Tyrrell
71%
35Brabham
69%
9Matra
67%
9Vanwall
67%
3Honda
64%
16Cooper
63%
4Jordan
63%
1Racing Point
61%
8Brawn
60%
1Porsche
56%
1BMW Sauber
50%
9Maserati
49%
9Ligier
44%
3March
39%
1Stewart
37%
1Penske
33%
3Wolf
31%
1Hesketh
26%
1Shadow
24%
1Eagle
19%

Score Distribution

Percentile by Number Answered

Percent of People with Each Score

Your Score History

You have not taken this quiz